000 nam a22 4500
999 _c9005
_d9005
008 180402b ||||| |||| 00| 0 eng d
082 _aDPer 050 Dec 2015-Mar 2016 T48 v186-187
100 _927088
_aMoore, Michael.
245 _aThis is a racial crime/
_cMichael Moore.
260 _aNew York :
_bTime Inc.,
_cDec 2015-Mar 2016.
300 _av187 n3, page 27:
_billustrations;
_c27 cm.
650 0 _927089
_aCrime
_xRacial.
942 _2ddc
_cPER